01246nam a2200313Ia 4500001001200000003000800012006001900020007001500039008004100054010001700095020004200112040002100154035002100175050002700196082001400223245011100237260004900348300001600397490003700413504005100450533015200501650002300653650002000676655002900696700002600725710001700751830003800768856012600806ebr10395577CaPaEBRm u cr cn|||||||||100224s2010 enk sb 001 0 eng d z 2010007736 z9781405181914 (hardback : alk. paper) aCaPaEBRcCaPaEBR a(OCoLC)65818617914aR729.5.H4bI583 2010eb04a362.122200aInterprofessional teamwork for health and social careh[electronic resource] /cScott Reeves ... [et al.]. aChichester, West Sussex :bBlackwell,c2010. axvi, 191 p.1 aPromoting partnership for health aIncludes bibliographical references and index. aElectronic reproduction.bPalo Alto, Calif. :cebrary,d2011.nAvailable via World Wide Web.nAccess may be limited to ebrary affiliated libraries. 0aHealth care teams. 0aSocial service. 7aElectronic books.2local1 aReeves, Scott,d1967-2 aebrary, Inc. 0aPromoting partnership for health.40uhttp://site.ebrary.com/lib/rucke/Doc?id=10395577zAn electronic book accessible through the World Wide Web; click to view